| 000 | 00537nam a2200193Ia 4500 | ||
|---|---|---|---|
| 003 | GCL | ||
| 008 | 140319s9999 xx 000 0 eng d | ||
| 040 |
_aGCL / _cGCL |
||
| 082 | 0 | 4 |
_a371.102 _bO S |
| 100 | 1 | _aORNSTEIN, ALLEN | |
| 245 | 1 | 0 |
_aSTRATEGIES FOR EFFECTIVE TEACHING / _cORNSTEIN, ALLEN |
| 250 | _aSSCOND | ||
| 260 |
_aنيويورك : _bHARPER COLLINS COLLEGE PUBLISBERS ، _c1990 |
||
| 300 |
_a634 P ؛ _c24 cm. |
||
| 650 | 0 | 4 | _aTEACHING |
| 650 | 0 | 4 | _aCLASSROOM MANAGEMENT |
| 650 | 0 | 4 | _aLESSON PLANNING |
| 942 |
_2ddc _cBK |
||
| 999 |
_c25029 _d25029 |
||